000
00322nam a2200145Ia 4500
003
OSt
005
20240309112227.0
008
170524s9999 xx 000 0 und d
020
_a
NIL
040
_c
IIMT UNIVERSITY
100
_a
GUPTA- R. P.
245
0
_a
VAIDYUT MACHINE - I
260
_b
BHARAT BHARTI
942
_2
ddc
_c
02
999
_c
7727
_d
7727